000 00549nam a2200181 i 4500
001 60761
003 ES-MaACL
005 20230906164312.0
007 t|
008 031106s1960 sp a |||| | spa d
080 _a811.361(075.4)
100 1 _aEstornés Lasa, José.
_948184
245 1 0 _aCómo aprender el vasco fácilmente /
_cpor José Estornés Lasa ; ilustraciones de Zabaleta.
260 _aZarauz :
_bItxaropena,
_c1960.
300 _a251 p. :
_bil. ;
_c14 cm.
650 0 4 _aLengua vasca-
_vMétodos.
_914339
852 _aES-MaACL
_jC-18828
999 _c60761
_d60761